[Event "Unive Open"]
[Site "Hoogeveen NED"]
[Date "2010.10.26"]
[Round "5"]
[White "Dvirnyy, Daniyyl"]
[Black "Moskalenko, Viktor"]
[Result "1/2-1/2"]
[WhiteTitle "IM"]
[BlackTitle "GM"]
[WhiteElo "2481"]
[BlackElo "2580"]
[WhiteFideId "817570"]
[BlackFideId "14100100"]
[EventDate "2010.10.22"]

1. c4 f5 2. g3 Nf6 3. Bg2 e6 4. Nf3 d5 5. O-O c6 6. b3 Bd6 7. Bb2 O-O 8. d3 Qe7
9. Nbd2 e5 10. cxd5 cxd5 11. e4 fxe4 12. dxe4 d4 13. Bxd4 exd4 14. e5 Bxe5 15.
Re1 Nc6 16. Nxe5 Nxe5 17. Nc4 Be6 18. Nxe5 Rad8 19. Nd3 Qf7 20. Ne5 Qe7 21. Nd3
Qf7 22. Ne5 Qe7 1/2-1/2

[Event "Unive Open"]
[Site "Hoogeveen NED"]
[Date "2010.10.26"]
[Round "5"]
[White "Ikonnikov, Vyacheslav"]
[Black "Saravanan, V."]
[Result "1-0"]
[WhiteTitle "GM"]
[BlackTitle "IM"]
[WhiteElo "2571"]
[BlackElo "2408"]
[WhiteFideId "4100972"]
[BlackFideId "5000580"]
[EventDate "2010.10.22"]

1. d4 Nf6 2. Nf3 g6 3. c4 Bg7 4. Nc3 d5 5. cxd5 Nxd5 6. e4 Nxc3 7. bxc3 c5 8.
Be3 O-O 9. Qd2 Qa5 10. Rb1 Nd7 11. Bd3 Rd8 12. Rb5 Qc7 13. O-O b6 14. Rbb1 Bb7
15. Bh6 Rac8 16. Bxg7 Kxg7 17. Rbc1 cxd4 18. cxd4 Qd6 19. Rcd1 Qa3 20. h4 Rc3
21. Rfe1 Nc5 22. Bb1 Nd7 23. h5 Rxf3 24. gxf3 Qxf3 25. h6+ Kg8 26. Re3 Qh5 27.
Rg3 Ne5 28. Kg2 f5 29. Rh1 fxe4 30. Qe3 1-0

[Event "Unive Open"]
[Site "Hoogeveen NED"]
[Date "2010.10.26"]
[Round "5"]
[White "Slingerland, Fred"]
[Black "Vocaturo, Daniele"]
[Result "0-1"]
[WhiteTitle "IM"]
[BlackTitle "GM"]
[WhiteElo "2411"]
[BlackElo "2581"]
[WhiteFideId "1002473"]
[BlackFideId "813192"]
[EventDate "2010.10.22"]

1. e4 c5 2. Nf3 d6 3. d4 cxd4 4. Nxd4 Nf6 5. Nc3 g6 6. Be3 Bg7 7. f3 O-O 8. Qd2
Nc6 9. O-O-O d5 10. Kb1 Nxd4 11. e5 Nf5 12. exf6 Bxf6 13. Nxd5 Qxd5 14. Qxd5
Nxe3 15. Qd2 Nxd1 16. Qxd1 Be6 17. Bb5 Rfd8 18. Qe2 a6 19. Ba4 Rd4 20. Bb3 Bxb3
21. axb3 Rad8 22. g4 g5 23. Qe3 R8d5 24. h4 gxh4 25. f4 h6 26. Rg1 e5 27. fxe5
Bg5 28. Qc3 Re4 29. Qc8+ Kg7 30. e6 Rxe6 31. Qxb7 Rde5 32. Qh1 Re3 33. b4 h3 34.
Qh2 R6e4 35. Rf1 Rxb4 36. Qc7 Be7 37. c3 Rbe4 38. Ka2 Re2 39. Qg3 h2 40. Rh1
R4e3 41. Qc7 Re6 42. Qf4 Bd6 43. Qd4+ Be5 44. Qd3 Bf6 45. Ka3 Rf2 46. Qh3 Ree2
47. Rb1 Bg5 48. Kb3 Re3 49. Qh5 Rg3 50. Rh1 Rgg2 51. Kc4 Rxb2 52. Rf1 Rbf2 53.
Rh1 Bf6 54. Kb4 Rb2+ 55. Kc4 Rgc2 56. g5 Rxc3+ 57. Kd5 Rd2+ 58. Ke4 Rd4+ 0-1

[Event "Unive Open"]
[Site "Hoogeveen NED"]
[Date "2010.10.26"]
[Round "5"]
[White "Stella, Andrea"]
[Black "Caspi, Israel"]
[Result "1-0"]
[WhiteTitle "FM"]
[BlackTitle "IM"]
[WhiteElo "2334"]
[BlackElo "2457"]
[WhiteFideId "827061"]
[BlackFideId "2807394"]
[EventDate "2010.10.22"]

1. d4 f5 2. c4 Nf6 3. Nc3 g6 4. Nf3 Bg7 5. g3 O-O 6. Bg2 d6 7. d5 Na6 8. O-O Nc5
9. Nd4 e5 10. dxe6 c6 11. Bf4 Nh5 12. Nxc6 bxc6 13. e7 Qxe7 14. Bxd6 Qb7 15.
Bxc5 Re8 16. Nb5 Bd7 17. Nd6 Qxb2 18. Nxe8 Bxe8 19. Qd6 Qxe2 20. Rae1 Qxc4 21.
Bxc6 Bxc6 22. Qxc6 Rf8 23. Rc1 Qxa2 24. Bxf8 Bxf8 25. Qc4+ Qxc4 26. Rxc4 a5 27.
Rc8 Kg7 28. Rc7+ Kh6 29. Rd1 Ng7 30. Rdd7 a4 31. Ra7 a3 32. h4 g5 33. Rf7 1-0

[Event "Unive Open"]
[Site "Hoogeveen NED"]
[Date "2010.10.26"]
[Round "5"]
[White "Ulibin, Mikhail"]
[Black "Tondivar, Babak"]
[Result "1/2-1/2"]
[WhiteTitle "GM"]
[BlackTitle "FM"]
[WhiteElo "2544"]
[BlackElo "2302"]
[WhiteFideId "4101405"]
[BlackFideId "12501239"]
[EventDate "2010.10.22"]

1. d4 d5 2. c4 e6 3. Nf3 Nf6 4. g3 dxc4 5. Bg2 Nc6 6. Qa4 Bb4+ 7. Bd2 Nd5 8. Qb5
O-O 9. Qxc4 Nb6 10. Qd3 e5 11. Nxe5 Bxd2+ 12. Nxd2 Nxd4 13. e3 Nf5 14. Qxd8 Rxd8
15. O-O-O Nd6 16. Ne4 Kf8 17. Rd4 f6 18. Nd3 Ke7 19. Nec5 Nd7 20. Rd1 Nxc5 21.
Nxc5 Rb8 22. Ne4 Be6 23. Nxd6 Rxd6 24. Rxd6 cxd6 25. b3 Rc8+ 26. Kb2 b6 27. Be4
g5 28. Rd4 h6 29. f4 Rc5 30. Ra4 Rc7 31. Bd3 d5 32. Rd4 a5 33. b4 Kd6 34. a3
axb4 35. Rxb4 Kc5 36. Rb5+ Kc6 37. Rb4 Ra7 38. Bc2 Kc5 39. Bb3 Bf5 40. Rd4 Be4
41. Rd1 Kd6 42. Rc1 Rc7 43. Rxc7 Kxc7 44. Kc3 Kd6 45. Kd4 Ke6 46. Ba4 Kd6 47.
Bb5 Bf5 48. Bf1 Bd7 49. Bg2 Be6 50. Bf3 Bf7 51. Bg4 Be8 52. Bf5 Bf7 53. Bh7 Be6
54. Bg6 Bd7 55. Bc2 Bg4 56. Bb3 Bf3 57. Bc2 Bg4 58. Bb1 Bf3 59. Bg6 Bg4 60. h4
gxh4 61. gxh4 Bd7 62. Bf7 Bc6 63. Bg8 Bb7 64. Bh7 Bc6 65. Bg6 Bd7 66. Bh5 Be6
67. Bf3 Kc6 68. Bg2 Kd6 69. Bf3 Kc6 70. Bd1 Bf5 71. Bf3 Be6 72. Bd1 Bf5 73. Bf3
Be6 74. Bg2 Kd6 75. Bf3 1/2-1/2

[Event "Unive Open"]
[Site "Hoogeveen NED"]
[Date "2010.10.26"]
[Round "5"]
[White "Bonafede, Alessandro"]
[Black "Battaglini, Gabriel"]
[Result "1-0"]
[WhiteTitle "FM"]
[BlackTitle "IM"]
[WhiteElo "2280"]
[BlackElo "2429"]
[WhiteFideId "813826"]
[BlackFideId "621650"]
[EventDate "2010.10.22"]

1. e4 e6 2. d4 d5 3. e5 c5 4. c3 Nc6 5. Nf3 Qb6 6. a3 Nh6 7. b4 cxd4 8. cxd4 Nf5
9. Bb2 Be7 10. Bd3 O-O 11. O-O a5 12. b5 a4 13. Bxf5 exf5 14. Nc3 Be6 15. Qd3
Na5 16. Nxa4 Qc7 17. Nd2 Rfd8 18. Rfd1 Nc4 19. Nxc4 Rxa4 20. Ne3 f4 21. Qb3 Qa5
22. Bc3 Rxa3 23. Bxa5 1-0

[Event "Unive Open"]
[Site "Hoogeveen NED"]
[Date "2010.10.26"]
[Round "5"]
[White "Hoffman, Ron"]
[Black "Naroditsky, Daniel"]
[Result "0-1"]
[BlackTitle "FM"]
[WhiteElo "2123"]
[BlackElo "2425"]
[WhiteFideId "1007599"]
[BlackFideId "2026961"]
[EventDate "2010.10.22"]

1. d4 Nf6 2. c4 g6 3. Nc3 Bg7 4. e4 d6 5. h3 O-O 6. Bg5 Na6 7. Bd3 e5 8. d5 Nc5
9. Bc2 a5 10. Nge2 h6 11. Be3 Nh5 12. Qd2 Kh7 13. g4 Nf4 14. Nxf4 exf4 15. Bxf4
a4 16. g5 a3 17. h4 axb2 18. Rb1 Ra3 19. Nb5 Rxa2 20. f3 h5 21. Nd4 c6 22. dxc6
bxc6 23. O-O Qa5 24. Ne2 Qxd2 25. Bxd2 Ba6 26. Bc3 Bxc4 27. Rfe1 Nd3 28. Bxg7
Nxe1 29. Bxf8 Nxc2 30. Nc3 Na3 31. Nxa2 Nxb1 0-1

[Event "Unive Open"]
[Site "Hoogeveen NED"]
[Date "2010.10.26"]
[Round "5"]
[White "Hendriks, Willy"]
[Black "Dolgova, Olga"]
[Result "1/2-1/2"]
[WhiteTitle "IM"]
[BlackTitle "WIM"]
[WhiteElo "2424"]
[BlackElo "2262"]
[WhiteFideId "1000713"]
[BlackFideId "4158296"]
[EventDate "2010.10.22"]

1. e4 c6 2. d4 d5 3. exd5 cxd5 4. c4 Nf6 5. Nc3 e6 6. Nf3 Bb4 7. cxd5 Nxd5 8.
Bd2 Nc6 9. Bd3 Be7 10. O-O O-O 11. Qe2 Nf6 12. Bg5 h6 13. Bxf6 Bxf6 14. Rad1
Nxd4 15. Nxd4 Bxd4 16. Nb5 e5 17. Nxd4 exd4 18. Qe4 g6 19. Bc4 Bf5 20. Qxb7 Qb8
21. Qxb8 Raxb8 22. Rd2 Rfd8 23. Rfd1 Rb7 24. b3 Rbd7 25. Bd3 Bxd3 26. Rxd3 Rc8
27. Kf1 Rc2 28. R1d2 Rc1+ 29. Ke2 Ra1 30. Rc2 Re7+ 31. Kf3 Rd7 32. Rdd2 d3 33.
Rc3 Rxa2 34. Rxa2 1/2-1/2

[Event "Unive Open"]
[Site "Hoogeveen NED"]
[Date "2010.10.26"]
[Round "5"]
[White "De Jong, Migchiel"]
[Black "Ducarmon, Quinten"]
[Result "1/2-1/2"]
[WhiteTitle "FM"]
[WhiteElo "2397"]
[BlackElo "2243"]
[WhiteFideId "1002848"]
[BlackFideId "1025007"]
[EventDate "2010.10.22"]

1. e4 c6 2. d4 d5 3. Nd2 dxe4 4. Nxe4 Bf5 5. Ng3 Bg6 6. Bc4 e6 7. N1e2 Nf6 8.
O-O Be7 9. f4 Bf5 10. Nxf5 exf5 11. Qd3 Qd7 12. Ng3 g6 13. Bd2 O-O 14. Rae1 b5
15. Bb3 Na6 16. a4 Nb4 17. Bxb4 Bxb4 18. c3 Bd6 19. axb5 cxb5 20. Ne2 Rfe8 21.
Qf3 Ne4 22. Rd1 Re7 23. Nc1 a5 24. Nd3 a4 25. Bd5 Rc8 26. Ne5 Bxe5 27. dxe5 Qa7+
28. Kh1 a3 29. Bxe4 fxe4 30. Qxe4 axb2 31. f5 Qa4 32. Qe3 Qh4 33. Rd4 Qf6 34.
Rd5 Qxf5 35. Qe1 Rxe5 36. Rxe5 b1=Q 37. Qxb1 Qxe5 38. Qb3 Rc7 39. h3 Qe2 40. Rb1
Rc5 41. Qb4 Rg5 42. Rg1 Qc4 43. Qd6 Qd5 44. Qxd5 Rxd5 45. Ra1 Kg7 46. Ra6 h5 47.
Rc6 h4 48. Kh2 g5 49. c4 bxc4 50. Rxc4 Kg6 51. Kg1 Rd2 52. Rc5 f6 53. Kf1 Ra2
54. Rb5 Ra6 55. Kf2 Rd6 56. Rc5 f5 57. Ra5 Rc6 58. Rb5 Rc2+ 59. Kf3 Rc3+ 60. Kf2
g4 61. hxg4 fxg4 62. Rb6+ Kf5 63. Rb5+ Ke6 64. Rb6+ Ke5 65. Rb5+ Kd6 66. Rb6+
Kc5 67. Rh6 Rc2+ 68. Ke3 Rxg2 1/2-1/2

[Event "Unive Open"]
[Site "Hoogeveen NED"]
[Date "2010.10.26"]
[Round "5"]
[White "Vedder, Henk"]
[Black "Mellema, Andries"]
[Result "1-0"]
[WhiteElo "2372"]
[BlackElo "2153"]
[WhiteFideId "1002872"]
[BlackFideId "1011464"]
[EventDate "2010.10.22"]

1. e4 e6 2. d4 d5 3. Nc3 Nc6 4. Nf3 Nf6 5. Bg5 Be7 6. Bxf6 Bxf6 7. e5 Be7 8. Qd2
f6 9. exf6 Bxf6 10. O-O-O O-O 11. Kb1 a6 12. h4 b5 13. Re1 Qd6 14. g4 b4 15. Nd1
e5 16. g5 Bg4 17. Nh2 Bxd1 18. Rxd1 Be7 19. dxe5 Nxe5 20. Bh3 c6 21. Rde1 Bd8
22. Qe3 Bc7 23. f4 Nc4 24. Qe6+ Qxe6 25. Bxe6+ Kh8 26. f5 Be5 27. b3 Nd2+ 28.
Kc1 Ne4 29. Nf3 Bf4+ 30. Kb2 a5 31. g6 a4 32. Rxe4 a3+ 33. Kb1 dxe4 34. Ng5 Bxg5
35. hxg5 h6 36. Kc1 Rad8 37. Re1 Rd4 38. Bf7 Rfd8 39. gxh6 gxh6 40. f6 R4d6 41.
g7+ Kh7 42. Rg1 Rxf6 43. g8=Q+ Rxg8 44. Bxg8+ Kh8 45. Bc4 e3 46. Rg3 h5 47. Rxe3
Rg6 48. Re8+ Kg7 49. Rg8+ Kf6 50. Rxg6+ Kxg6 51. Kd2 h4 52. Bf1 Kf5 53. Kd3 1-0

[Event "Unive Open"]
[Site "Hoogeveen NED"]
[Date "2010.10.26"]
[Round "5"]
[White "L'Ami, Alina"]
[Black "Hendriks, Peter"]
[Result "0-1"]
[WhiteTitle "WGM"]
[WhiteElo "2339"]
[BlackElo "2082"]
[WhiteFideId "1210246"]
[BlackFideId "1009516"]
[EventDate "2010.10.22"]

1. d4 d5 2. c4 e6 3. Nc3 c6 4. e4 Bb4 5. cxd5 exd5 6. e5 Ne7 7. Nf3 O-O 8. a3
Bxc3+ 9. bxc3 c5 10. Be2 b6 11. Bg5 Ba6 12. dxc5 Bxe2 13. Kxe2 Nbc6 14. Bxe7
Nxe7 15. cxb6 axb6 16. Re1 Qc7 17. Qd4 Ra5 18. Kf1 Rd8 19. Reb1 Rc5 20. Qb4 Rxc3
21. Qxb6 Rc1+ 22. Ke2 Qxb6 0-1

[Event "Unive Open"]
[Site "Hoogeveen NED"]
[Date "2010.10.26"]
[Round "5"]
[White "Kollen, Zyon"]
[Black "Bezemer, Arno"]
[Result "1-0"]
[BlackTitle "FM"]
[WhiteElo "2046"]
[BlackElo "2318"]
[WhiteFideId "1024256"]
[BlackFideId "1001396"]
[EventDate "2010.10.22"]

1. e4 c5 2. Nf3 d6 3. d4 cxd4 4. Nxd4 Nf6 5. Nc3 a6 6. Be3 e5 7. Nb3 Be6 8. f3
h5 9. a4 Nbd7 10. a5 Rc8 11. Be2 Be7 12. O-O Qc7 13. Rc1 Bxb3 14. cxb3 Qxa5 15.
Qe1 Qd8 16. b4 O-O 17. Qg3 g6 18. Kh1 Kg7 19. f4 h4 20. Qh3 Rh8 21. f5 Nh5 22.
Bxh5 Rxh5 23. fxg6 fxg6 24. Qe6 Bf6 25. Nd5 Rc6 26. Rxc6 bxc6 27. Nxf6 Nxf6 28.
Bb6 Qxb6 29. Qxf6+ Kh6 30. Qf8+ Kg5 31. Qe7+ Kh6 32. Rf7 1-0

[Event "Unive Open"]
[Site "Hoogeveen NED"]
[Date "2010.10.26"]
[Round "5"]
[White "Pijpers, Arthur"]
[Black "Goudriaan, Etienne"]
[Result "0-1"]
[WhiteElo "2248"]
[BlackElo "2253"]
[WhiteFideId "1019554"]
[BlackFideId "1021150"]
[EventDate "2010.10.22"]

1. e4 c5 2. Nf3 d6 3. d4 cxd4 4. Nxd4 Nf6 5. Nc3 a6 6. Bg5 e6 7. f4 Nc6 8. Nxc6
bxc6 9. e5 h6 10. Bh4 g5 11. fxg5 Nd5 12. Ne4 Qb6 13. c3 dxe5 14. Bd3 hxg5 15.
Bf2 Qxb2 16. O-O f5 17. Nxg5 Be7 18. Nh3 Qxc3 19. Rc1 Qa3 20. Re1 e4 21. Bc4 e3
22. Bg3 Bc5 23. Kh1 Bd7 24. Be5 Rh4 25. Bxd5 cxd5 26. Bf6 Rg4 27. Qf3 Bb4 28.
Red1 Bd2 29. Nf2 Qa4 30. Nxg4 Qxg4 31. Qxg4 fxg4 32. Rc2 Rb8 33. Be5 Ba4 34.
Rcxd2 exd2 35. Bxb8 Bxd1 36. Bf4 Bb3 37. Bxd2 Bxa2 38. Bc3 Kf7 39. h3 gxh3 40.
gxh3 Kg6 41. Kg2 Kf5 42. Kf3 e5 43. Ke3 Bb1 44. h4 Ke6 45. h5 Bf5 46. h6 Bh7 0-1

[Event "Unive Open"]
[Site "Hoogeveen NED"]
[Date "2010.10.26"]
[Round "5"]
[White "Van Foreest, Jorden"]
[Black "Overeem, Marc"]
[Result "1/2-1/2"]
[BlackTitle "FM"]
[WhiteElo "1954"]
[BlackElo "2224"]
[WhiteFideId "1039784"]
[BlackFideId "1004972"]
[EventDate "2010.10.22"]

1. d4 d5 2. c4 e6 3. Nf3 Nf6 4. g3 dxc4 5. Bg2 a6 6. O-O b5 7. Ne5 Nd5 8. a4 Bb7
9. e4 Nf6 10. axb5 axb5 11. Rxa8 Bxa8 12. Nc3 c6 13. d5 Be7 14. dxe6 fxe6 15.
Qe2 O-O 16. Bh3 Kh8 17. Bxe6 Qe8 18. Be3 Bb4 19. Nf7+ Kg8 20. Ng5+ Kh8 21. Bf4
h6 22. Nf7+ Kh7 23. Bf5+ g6 24. Bd6 Bxc3 25. Bxf8 Qxf8 26. Bh3 Bd4 27. Rd1 c5
28. Ra1 Qxf7 29. Rxa8 Nxe4 30. Rxb8 Qxf2+ 31. Qxf2 Nxf2 32. Rb7+ Kh8 33. Be6
Nd3+ 34. Kf1 Ne5 35. Rc7 b4 36. Ke2 g5 37. h3 b3 38. Kd2 Bf2 39. g4 Bd4 40. Bd5
Bxb2 41. Rxc5 c3+ 42. Rxc3 Bxc3+ 43. Kxc3 b2 44. Kxb2 Nd3+ 45. Kc3 Nf4 46. Kd4
Kg7 47. Ke5 Nxh3 48. Kf5 Nf4 49. Bc4 Ng2 50. Be2 Nh4+ 51. Ke6 Ng6 52. Bd1 Nf4+
53. Ke7 Nd5+ 1/2-1/2

[Event "Unive Open"]
[Site "Hoogeveen NED"]
[Date "2010.10.26"]
[Round "5"]
[White "Archangelsky, Mikhail"]
[Black "Hovenga, Alje"]
[Result "1-0"]
[WhiteTitle "IM"]
[WhiteElo "2212"]
[BlackElo "2176"]
[WhiteFideId "4117573"]
[BlackFideId "1005812"]
[EventDate "2010.10.22"]

1. Nf3 d5 2. d4 c6 3. c4 e6 4. e3 f5 5. Ne5 Nf6 6. f4 Bd6 7. Bd3 O-O 8. O-O Nbd7
9. b3 Qe7 10. a4 a5 11. Ba3 Bxa3 12. Nxa3 Ne4 13. Bxe4 fxe4 14. c5 Nxe5 15. fxe5
Rxf1+ 16. Qxf1 Bd7 17. Qe1 Qg5 18. Nc2 Qd8 19. b4 b6 20. Qc3 Qb8 21. Rb1 Qa7 22.
bxa5 bxc5 23. Qxc5 Qxc5 24. dxc5 Rxa5 25. Rb7 Rxc5 26. Nd4 Rc1+ 27. Kf2 c5 28.
Ne2 Bc6 29. Rb8+ 1-0

[Event "Unive Open"]
[Site "Hoogeveen NED"]
[Date "2010.10.26"]
[Round "5"]
[White "Sekandar, Kambiz"]
[Black "Timmermans, Ivo"]
[Result "0-1"]
[WhiteElo "1877"]
[BlackElo "2209"]
[WhiteFideId "11700939"]
[BlackFideId "1002910"]
[EventDate "2010.10.22"]

1. e4 e6 2. d4 d5 3. e5 c5 4. c3 Nc6 5. Nf3 Qb6 6. a3 Nh6 7. b4 cxd4 8. cxd4 Nf5
9. Bb2 Bd7 10. g4 Nfe7 11. Nc3 Na5 12. Na4 Qc6 13. b5 Qc7 14. Rc1 Nc4 15. Bxc4
dxc4 16. Nc3 Qa5 17. O-O Nd5 18. Ng5 Be7 19. Nge4 O-O 20. Qd2 Nxc3 21. Bxc3 Qxb5
22. f4 Bc6 23. Ng3 Qd5 24. Rf2 Bh4 25. Kf1 Bxg3 26. hxg3 Qh1+ 27. Ke2 Qh3 28.
Qe3 Qxg4+ 29. Kd2 a5 30. Rh2 b5 31. Rh4 Qg6 32. g4 Rfb8 33. f5 exf5 34. Rg1 f4 0-1

[Event "Unive Open"]
[Site "Hoogeveen NED"]
[Date "2010.10.26"]
[Round "5"]
[White "Van Der Veen, Jan"]
[Black "Afek, Yochanan"]
[Result "0-1"]
[BlackTitle "IM"]
[WhiteElo "2131"]
[BlackElo "2269"]
[WhiteFideId "1005570"]
[BlackFideId "2800462"]
[EventDate "2010.10.22"]

1. e4 c5 2. Nc3 e6 3. f4 d5 4. Nf3 dxe4 5. Nxe4 Nc6 6. g3 Be7 7. d3 Nf6 8. Nxf6+
Bxf6 9. Bg2 O-O 10. O-O Qc7 11. c3 b6 12. Qe2 Ba6 13. Ng5 Bxg5 14. fxg5 Rad8 15.
Be4 Qd7 16. c4 Nd4 17. Qg2 e5 18. Be3 Bc8 19. Bd5 Qg4 20. Rae1 Be6 21. Bxe6 Nxe6
22. Qe4 Qh5 23. Rf5 Nd4 24. Bxd4 Rxd4 25. Qxe5 Rxd3 26. Ref1 Rd2 27. R5f2 Rxf2
28. Rxf2 h6 29. h4 Rd8 30. Qe7 Rd1+ 31. Kg2 hxg5 32. Qe8+ Kh7 33. Qxf7 Qxf7 34.
Rxf7 gxh4 35. gxh4 Rd2+ 36. Kg3 a5 37. Rf2 Rxf2 38. Kxf2 Kg6 39. b3 Kf5 40. Kg3
a4 0-1

[Event "Unive Open"]
[Site "Hoogeveen NED"]
[Date "2010.10.26"]
[Round "5"]
[White "Hendriks, Richard"]
[Black "De Graaf, Dick"]
[Result "0-1"]
[WhiteElo "2110"]
[BlackElo "2225"]
[WhiteFideId "1006096"]
[BlackFideId "1005677"]
[EventDate "2010.10.22"]

1. e4 e5 2. Nf3 Nc6 3. d4 exd4 4. Nxd4 Nf6 5. Nxc6 bxc6 6. e5 Ne4 7. Nd2 Bb4 8.
c3 Nxd2 9. Bxd2 Bc5 10. b4 Be7 11. Qg4 Kf8 12. Qf4 d5 13. Bd3 h6 14. h4 Be6 15.
g3 a5 16. bxa5 Rxa5 17. Kf1 Rg8 18. Bf5 Ke8 19. Bxe6 fxe6 20. Qg4 Kd7 21. Kg2
Qa8 22. a4 c5 23. Kh3 g5 24. h5 Rf8 25. Be3 Rf5 26. Rhe1 c4 27. Qd1 Rxe5 28. g4
Qf8 29. Kg2 Bd6 30. Qd2 Qf7 31. Rf1 Bc5 32. Bxc5 Rxc5 33. f4 Re4 34. a5 gxf4 35.
a6 f3+ 36. Rxf3 Rxg4+ 37. Rg3 Rxg3+ 38. Kxg3 Qg7+ 39. Kh3 d4 40. Qxd4+ Qxd4 41.
cxd4 Rxh5+ 42. Kg4 Rg5+ 43. Kf4 Rg8 44. Ke5 Ra8 45. Rh1 Rxa6 46. Rxh6 Ra5+ 47.
Ke4 Kd6 48. Rh1 Rg5 49. Kf4 Rd5 50. Ke4 c5 51. dxc5+ Kxc5 52. Rc1 Kb4 53. Rb1+
Kc3 54. Rb7 Rd1 55. Kf3 Re1 0-1

[Event "Unive Open"]
[Site "Hoogeveen NED"]
[Date "2010.10.26"]
[Round "5"]
[White "Stavast, Dick"]
[Black "Lommers, Frank"]
[Result "1-0"]
[WhiteElo "2048"]
[BlackElo "2191"]
[WhiteFideId "1014005"]
[BlackFideId "1010107"]
[EventDate "2010.10.22"]

1. Nf3 Nf6 2. g3 d5 3. Bg2 c6 4. d3 Bg4 5. Nbd2 Nbd7 6. O-O e6 7. e4 Be7 8. Re1
O-O 9. Qe2 Bh5 10. h3 a5 11. a4 h6 12. Nf1 dxe4 13. dxe4 Nc5 14. Qc4 Bg6 15. Ne5
Bh7 16. Bf4 Qb6 17. Be3 Qa6 18. Qxa6 Nxa6 19. Bb6 Bd8 20. Nc4 Nb4 21. Re2 Bxb6
22. Nxb6 Rad8 23. Nc4 Ra8 24. Nb6 Ra6 25. Nc4 b5 26. Ne5 Rb6 27. c3 Na6 28. axb5
cxb5 29. Rxa5 Nc5 30. Nd2 Rd8 31. Ra7 Nfd7 32. Nxd7 Nxd7 33. Nb3 Ne5 34. Rd2
Rbb8 35. Rxd8+ Rxd8 36. Nd4 g5 37. Rb7 Ra8 38. Rxb5 Ra1+ 39. Kh2 Nd3 40. Nc2 Rb1
41. Ne3 Rxb2 42. Rxb2 Nxb2 43. c4 Nd3 44. Nd1 Kf8 45. Kg1 Ke7 46. Kf1 Kd6 47.
Ke2 Ne5 48. Nb2 f6 49. Ke3 Bg6 50. Bf1 Be8 51. Bd3 Bc6 52. Bc2 Be8 53. f4 gxf4+
54. gxf4 Nd7 55. Ba4 Bg6 56. Bxd7 Kxd7 57. Kd4 Kd6 58. Nd3 Be8 59. c5+ Kc6 60.
Kc4 Kc7 61. Nb4 Ba4 62. Kd4 Kd7 63. Kc4 Kc7 64. f5 exf5 65. exf5 Bd7 66. Nd5+
Kc6 67. Ne7+ Kc7 68. Kd5 h5 69. h4 Kd8 70. Kd6 Ke8 71. c6 Kd8 72. c7+ Ke8 73.
c8=Q+ Bxc8 74. Nxc8 1-0

[Event "Unive Open"]
[Site "Hoogeveen NED"]
[Date "2010.10.26"]
[Round "5"]
[White "Van Geffen, Ben"]
[Black "Zuiderweg, Edwin"]
[Result "1/2-1/2"]
[WhiteElo "2171"]
[BlackElo "2044"]
[WhiteFideId "1009370"]
[BlackFideId "1012207"]
[EventDate "2010.10.22"]

1. e4 d5 2. exd5 Nf6 3. d4 Nxd5 4. c4 Nb6 5. Nf3 g6 6. Nc3 Bg7 7. c5 Nd5 8. Bc4
c6 9. Qb3 O-O 10. h3 b5 11. Nxb5 Ba6 12. Nc3 Bxc4 13. Qxc4 e6 14. O-O Nd7 15.
Re1 N7f6 16. Ng5 Nxc3 17. bxc3 h6 18. Nf3 Nd5 19. Ne5 Qc7 20. Qd3 Rad8 21. Nc4
Nxc3 22. Nd6 Nb5 23. Bf4 Bxd4 24. Rac1 Bg7 25. a4 Nxd6 26. cxd6 Qa5 27. Qe4 e5
28. Bxe5 Qxe5 29. Qxe5 Bxe5 30. Rxe5 Rxd6 31. Re7 Ra8 32. Rc5 a5 33. Ree5 Rd1+
34. Kh2 Rd4 35. Rxa5 Rxa4 36. Rac5 Rc8 37. Kg3 Kg7 38. Kf3 Rb4 39. Ke3 f6 40.
Re7+ Kf8 41. Rh7 Kg8 42. Rd7 Rb5 43. Rc3 Re5+ 44. Kd3 Ree8 45. Ra3 Rcd8 46. Ra7
Rxd7+ 47. Rxd7 Re6 48. g3 Kf8 49. h4 h5 50. Rc7 Re7 51. Rxc6 Kf7 52. Ra6 Kg7 1/2-1/2

[Event "Unive Open"]
[Site "Hoogeveen NED"]
[Date "2010.10.26"]
[Round "5"]
[White "Warmelink, Evie"]
[Black "Van Apeldoorn, Janton"]
[Result "1-0"]
[BlackTitle "CM"]
[WhiteElo "1977"]
[BlackElo "2164"]
[WhiteFideId "1028154"]
[BlackFideId "1013831"]
[EventDate "2010.10.22"]

1. e4 c5 2. Nc3 Nc6 3. g3 g6 4. Bg2 Bg7 5. d3 d6 6. f4 e6 7. Nf3 Nge7 8. O-O O-O
9. Be3 b6 10. d4 Ba6 11. Re1 Qc7 12. Ne2 cxd4 13. Nexd4 Rac8 14. c3 Rfd8 15. Qa4
Bb7 16. Rad1 Qb8 17. Bh3 Nxd4 18. Bxd4 Nc6 19. Bxg7 Kxg7 20. f5 exf5 21. exf5
Rc7 22. Qf4 f6 23. fxg6 Ne5 24. Nd4 hxg6 25. Rf1 Rf7 26. Ne6+ Kh7 27. Nxd8 Qxd8
28. Be6 Rf8 29. Bd5 Bxd5 30. Rxd5 Kg7 31. Rfd1 Nf7 32. h4 Rh8 33. c4 Qe7 34. Kf2
Re8 35. R5d2 Qe6 36. b3 Re7 37. Kg2 Rd7 38. Rf1 Ne5 39. Rff2 Re7 40. Rf1 Ng4 41.
Kg1 Ne5 42. Rfd1 Rd7 43. Qe3 Rd8 44. Rf1 Rd7 45. Rdf2 Rf7 46. Rh2 Qg4 47. Qf4
Qxf4 48. Rxf4 f5 49. Rd2 Rd7 50. Kg2 Kf6 51. Rfd4 Ke6 52. Kf2 Nc6 53. R4d3 Ne5
54. Rd5 Ng4+ 55. Kf3 Nf6 56. Re2+ Kf7 57. Rd4 Rd8 58. b4 Rd7 59. Re1 Rc7 60. Rc1
Ke6 61. Kf4 Ng4 62. Rcd1 Rd7 63. c5 bxc5 64. bxc5 d5 65. Kg5 Ne5 66. Re1 Rc7 67.
Kf4 1-0

[Event "Unive Open"]
[Site "Hoogeveen NED"]
[Date "2010.10.26"]
[Round "5"]
[White "Klapwijk, Bram"]
[Black "Poelstra, Ben"]
[Result "1-0"]
[WhiteElo "2022"]
[BlackElo "2148"]
[WhiteFideId "1009133"]
[BlackFideId "1018604"]
[EventDate "2010.10.22"]

1. e4 e5 2. Nf3 Nf6 3. Nc3 Nc6 4. d4 exd4 5. Nd5 Be7 6. Bf4 d6 7. Nxd4 Nxd4 8.
Qxd4 Nxd5 9. exd5 O-O 10. O-O-O Bf6 11. Qd2 Bf5 12. Bd3 Bxd3 13. Qxd3 Qd7 14. f3
Qa4 15. Be3 Qxa2 16. c3 Rfe8 17. g4 g6 18. Kc2 Qa4+ 19. Kb1 Re7 20. h4 Rae8 21.
Bc1 b5 22. h5 Qc4 23. Qxc4 bxc4 24. hxg6 fxg6 25. g5 Bg7 26. Rh4 Rf8 27. Rxc4
Rxf3 28. Ra4 Be5 29. Rxa7 Bf4 30. Bd2 Bxd2 31. Rxd2 Rf5 32. b4 Rxg5 33. Rb7 h5
34. c4 Rf5 35. c5 Rff7 36. c6 h4 37. b5 h3 38. Rh2 Re3 39. b6 Rb3+ 40. Kc2 Rxb6
41. Rxb6 cxb6 42. Rxh3 Kg7 43. Kc3 g5 44. Kc4 Ra7 45. Kb5 Ra5+ 46. Kxb6 Rxd5 47.
Rc3 Re5 48. c7 Re8 49. Rd3 g4 50. Rxd6 g3 51. Rd3 1-0